Sports Quiz

Random Sports or Network Quiz

MLB Network Top 10 3rd Basemen Right Now (Feb. 2011) Quiz Stats

 Plays Quiz not verified by Sporcle

Support Sporcle.
Go Orange.
Score 0/10 Timer 03:00
0 Plays Today
Rank Player % Correct
3.Alex Rodriguez
95%
6.David Wright
79.1%
1.Evan Longoria
77.5%
5.Adrian Beltre
74.9%
2.Ryan Zimmerman
61.5%
8.Scott Rolen
58.1%
4.Kevin Youkilis
56.2%
7.Mark Reynolds
43.2%
9.Placido Polanco
39%
10.Casey McGehee
14.2%

You're not logged in!

Compare scores with friends on all Sporcle quizzes.
OR
Log In

From the Vault

Board Games as Video Games

by whssox

We shouldn't let video games claim a Monopoly over the board game industry.
Remove Ads.
Support Sporcle.
Get the best of Sporcle when you Go Orange. This ad-free experience offers more features, more stats, and more fun while also helping to support Sporcle. Thank you for becoming a member.

Show Comments

Extras

Top Quizzes Today


Score Distribution

Your Account Isn't Verified!

In order to create a playlist on Sporcle, you need to verify the email address you used during registration. Go to your Sporcle Settings to finish the process.

Report this User

Report this user for behavior that violates our Community Guidelines.

Details: